Dinosaurios y animales desaparecidos / (Registro nro. 12456)

Detalles MARC
000 -LIDER
fixed length control field 01064nam a22003257b 4500
001 - NÚMERO DE CONTROL
Identificador de número de control
003 - IDENTIFICACDOR DE NÚMERO DE CONTROL
control field DO-SdBNP
005 - DATE AND TIME OF LATEST TRANSACTION
control field 20180215151821.0
008 - ELEMENTOS DE LONGITUD FIJA
fixed length control field 000519s1999 sp| ||| ||spa
016 7# - NO. DE CONTROL DE LA AGENCIA BIB. NACIONAL
Record control number
Source
017 ## - NÚMERO DE REGISTRO DE DERECHOS DE AUTOR
Copyright or legal deposit number
Assigning agency
020 ## - ISBN
Canceled/invalid ISBN 2-215-063-17-3
035 ## - NÚMERO LOCAL
System control number (OCoLC)
040 ## - FUENTE DE CATALOGACIÓN
Agencia que crea de manera original el registro BPMSU
Idioma de catalogación spa
Agencia que realiza la transcripción BPMSU
Convenciones de la despripción rdc
041 1# - CÓDIGOS DE OBRAS TRADUCIDAS O EN VARIOS IDIOMAS
Código del idioma del texto/archivo de sonido o separata spa
Cód. del idioma original y/o traducciones intermedias del texto fre
080 #0 - NÚMERO DE CLASIFICACIÓN DECIMAL UNIVERSAL
Universal Decimal Classification number
100 1# - ASIENTO PRINCIPAL -- NOMBRE PERSONAL
Nombre personal Cambournac, Laure
240 10 - TITULO UNIFORME
Título uniforme Dinosaures et animaux disparus
Idioma de una obra Español
245 10 - MENCIÓN DE TITULO
Título Dinosaurios y animales desaparecidos /
Medio (Designación general de material)
Mención de responsabilidad textos, Laure Cambournac ; ilustraciones, Maris-Christine Lemayeur, Bernard Alunni ; creación, Émilie Beaumont ; traducción, Veo Veo Comunicación
260 ## - PUBLICACIÓN, DISTRIBUCIÓN, ETC. (PIE DE IMPRENTA)
Lugar de publicación, distribución, etc Paris :
Nombre del editor, distribuidor, etc. ils. ;
Fecha de publicación, distribución, etc 1999
300 ## - DESCRIPCIÓN FÍSICA
Extensión 123 p :
Otros detalles físicos ils.
Dimensiones 25 cm
490 ## - MENCIÓN DE SERIES
Mención de serie Imagen descubre el mundo
650 #7 - ENCABEZAMIENTO DE MATERIA--TEMÁTICO
Término temático o nombre geográfico como elemento de entrada Animales extinguidos
Subdivisión de forma Libros infantiles
Fuente del encabezamiento o término embne
700 1# - ASIENTO SECUNDARIO -- NOMBRE PERSONAL
Nombre personal Lemayeur, Marie-Christine
700 1# - ASIENTO SECUNDARIO -- NOMBRE PERSONAL
Nombre personal Alunni, Bernard
830 ## - ASIENTO SECUNDARIO DE SERIE--TÍTULO UNIFORME
Título uniforme Imagen descubre el mundo
942 ## - ADDED ENTRY ELEMENTS (KOHA)
Source of classification or shelving scheme Dewey Decimal Classification
Koha item type Libros
945 ## - INFORMACIÓN DE PROCESAMIENTO LOCAL
Información de procesamiento local Inventariado, 2018 / BT
956 ## - LOCAL ELECTRONIC LOCATION AND ACCESS (OCLC)
Nombre de host VMATEO
Número de acceso 10
Información de compresión 20170114
Trayectoria BPMSU
Nombre Electrónico 0069
Existencias
Withdrawn status Lost status Source of classification or shelving scheme Damaged status Not for loan Collection code Home library Current library Date acquired Source of acquisition Total Checkouts Barcode Date last seen Price effective from Koha item type
    Dewey Decimal Classification     Colección Infantil Dominicana Biblioteca Pública Metropolitana Salomé Ureña Biblioteca Pública Metropolitana Salomé Ureña 01/13/2017 FUNDI   BPMSU17010032 01/13/2017 01/13/2017 Libros